Innovative Methods and Technologies in the Pedagogical Process
Guardado en:
| Autor principal: | |
|---|---|
| Formato: | Capítulo de libro |
| Lenguaje: | inglés |
| Etiquetas: |
Sin Etiquetas, Sea el primero en etiquetar este registro!
|
MARC
| LEADER | 00000nla a2200000 4500 | ||
|---|---|---|---|
| 001 | 0242278 | ||
| 005 | 20240502083650.3 | ||
| 041 | 0 | |a eng | |
| 044 | |a ES | ||
| 245 | 1 | 0 | |a Innovative Methods and Technologies in the Pedagogical Process |c Magdaléna Cárachová |
| 500 | |a Abstrakt | ||
| 100 | 1 | |a Cárachová, Magdaléna | |